Co-operative Retail Services Ltd v Taylor Young Partnership (Record no. 66022)
[ view plain ]
| 000 -LEADER | |
|---|---|
| fixed length control field | 01407cam a2200253 4500 |
| 001 - CONTROL NUMBER | |
| control field | ABS63374 |
| 008 - FIXED-LENGTH DATA ELEMENTS--GENERAL INFORMATION | |
| fixed length control field | 000000n2000 000 0 eng u |
| 035 ## - SYSTEM CONTROL NUMBER | |
| System control number | (Sirsi) u110760 |
| 245 ## - TITLE STATEMENT | |
| Title | Co-operative Retail Services Ltd v Taylor Young Partnership |
| 260 ## - PUBLICATION, DISTRIBUTION, ETC. | |
| Date of publication, distribution, etc. | 2000 |
| 490 ## - SERIES STATEMENT | |
| Series statement | Construction Law Journal |
| Volume/sequential designation | [2000] 16 Const.L.J 5, 347-366(20) |
| 520 ## - SUMMARY, ETC. | |
| Summary, etc. | CA 4 July 2000. Appeal by TYP and Hoare Lea and Partners, architects and engineers of an office building extensively damaged by fire during commissioning, against a TCC ruling that the they were not entitled to a contribution from Wimpey and Hall, under the Civil Liability (Contribution) Act 1978, for losses claimed by CRS as W and H were not liable to CRS. The CA upheld the judgment, ruling that W and H had no liability to CRS due to the co-insurance provisions of the contract and that they were not 'persons liable in respect of the same damage' under s1 of the 1978 Act. Appeal dismissed. |
| 590 ## - LOCAL NOTE (RLIN) | |
| Local note | ABS |
| 650 ## - SUBJECT ADDED ENTRY--TOPICAL TERM | |
| Topical term or geographic name entry element | CIVIL LIABILITY (CONTRIBUTION) ACT 1978 S1(1) |
| 650 ## - SUBJECT ADDED ENTRY--TOPICAL TERM | |
| Topical term or geographic name entry element | CO-INSURANCE |
| 650 ## - SUBJECT ADDED ENTRY--TOPICAL TERM | |
| Topical term or geographic name entry element | CO-OPERATIVE RETAIL SERVICES V TAYLOR YOUNG PARTNERSHIP |
| 650 ## - SUBJECT ADDED ENTRY--TOPICAL TERM | |
| Topical term or geographic name entry element | CONTRIBUTION CLAIMS |
| 650 ## - SUBJECT ADDED ENTRY--TOPICAL TERM | |
| Topical term or geographic name entry element | INSURANCE PROVISIONS |
| 650 ## - SUBJECT ADDED ENTRY--TOPICAL TERM | |
| Topical term or geographic name entry element | JCT STANDARD FORM OF BUILDING CONTRACT (1980 EDITION) |
| 650 ## - SUBJECT ADDED ENTRY--TOPICAL TERM | |
| Topical term or geographic name entry element | JOINT NAMES INSURANCE |
| 650 ## - SUBJECT ADDED ENTRY--TOPICAL TERM | |
| Topical term or geographic name entry element | LIABILITY |
| 690 ## - LOCAL SUBJECT ADDED ENTRY--TOPICAL TERM (OCLC, RLIN) | |
| Topical term or geographic name as entry element | BUILDING AND CONSTRUCTION-CASE LAW |
| 942 ## - ADDED ENTRY ELEMENTS (KOHA) | |
| Suppress in OPAC | 0 |
| Withdrawn status | Lost status | Source of classification or shelving scheme | Damaged status | Not for loan | Home library | Current library | Shelving location | Date acquired | Total Checkouts | Full call number | Barcode | Date last seen | Copy number | Price effective from | Koha item type |
|---|---|---|---|---|---|---|---|---|---|---|---|---|---|---|---|
| Dewey Decimal Classification | London | London | Journal article | 06/02/2001 | ABS63374 | 110760-1001 | 06/08/2019 | 1 | 06/08/2019 | Law report |